Online
Catalog

Océanos de tinta y papel : (Record no. 45629)

MARC details
000 -CABECERA
campo de control de longitud fija 01065nam a2200229 a 4500
001 - NÚMERO DE CONTROL
campo de control 000046140
005 - FECHA Y HORA DE LA ÚLTIMA TRANSACCIÓN
campo de control 20250129073605.0
008 - DATOS DE LONGITUD FIJA--INFORMACIÓN GENERAL
campo de control de longitud fija 150626s2011 dr abce 000 0 spa d
020 ## - NÚMERO INTERNACIONAL ESTÁNDAR DEL LIBRO
Número Internacional Estándar del Libro 9789945879902
040 ## - FUENTE DE LA CATALOGACIÓN
Centro catalogador/agencia de origen DO-SdBNP
Lengua de catalogación spa
Centro/agencia transcriptor BNPHU
082 ## - NÚMERO DE LA CLASIFICACIÓN DECIMAL DEWEY
Número de clasificación xxxx
Número de documento/Ítem xxxx
100 1# - ENTRADA PRINCIPAL--NOMBRE DE PERSONA
Nombre de persona Reyes Sánchez, Miguel
Fechas asociadas al nombre 1966-
9 (RLIN) 2285
245 10 - MENCIÓN DE TÍTULO
Título Océanos de tinta y papel :
Resto del título historia de la navegación y del desarrollo marítimo dominicano /
Mención de responsabilidad, etc. Miguel Reyes Sánchez ; prólogo de Juan Daniel Balcácer; colaboración documental y fotografica de Pedro Atiles, editado por Lourdes periche; fotografias de Francisco Manosalvas...[et al].
260 ## - PUBLICACIÓN, DISTRIBUCIÓN, ETC.
Lugar de publicación, distribución, etc. Santo Domingo :
Nombre del editor, distribuidor, etc. Agencias Navieras B&R,
Fecha de publicación, distribución, etc. 2011.
300 ## - DESCRIPCIÓN FÍSICA
Extensión 367 p. :
Otras características físicas il., maps, planos, retrs. ;
Dimensiones 29 cm.
500 ## - NOTA GENERAL
Nota general Incluye referencias bibliográficas y notas al pie de las páginas.
504 ## - NOTA DE BIBLIOGRAFÍA, ETC.
Nota de bibliografía, etc. Bibliografía : p. 356-362
700 12 - PUNTO DE ACCESO ADICIONAL--NOMBRE DE PERSONA
Nombre de persona Balcácer, Juan Daniel,
Fechas asociadas al nombre 1949-
Término indicativo de función/relación pról.
9 (RLIN) 6566
700 12 - PUNTO DE ACCESO ADICIONAL--NOMBRE DE PERSONA
Nombre de persona Atiles,Pedro,
Término indicativo de función/relación colab.
9 (RLIN) 74192
700 12 - PUNTO DE ACCESO ADICIONAL--NOMBRE DE PERSONA
Nombre de persona Periche, Lourdes,
Término indicativo de función/relación ed.
9 (RLIN) 74193
700 12 - PUNTO DE ACCESO ADICIONAL--NOMBRE DE PERSONA
Nombre de persona Manosalvas, Francisco,
Término indicativo de función/relación fot.
9 (RLIN) 69596
Holdings
Estado de retiro Estado de pérdida No para préstamo Código de colección Localización permanente Ubicación/localización actual Ubicación en estantería Fecha de adquisición Número de inventario Total de préstamos Signatura topográfica completa Código de barras Fecha visto por última vez Precio válido a partir de Tipo de ítem Koha
    Excluido de préstamo Patrimonio Dominicano Patrimonio Dominicano Patrimonio Dominicano En catalogación 26.06.2015 LF1   xxxx xxxx 46140-10 25.06.2020 25.06.2020 Libro y Folleto Colección Patrimonio Dominicano

Powered by Koha